000 00716nam a22002651 4500
001 14187
003 BD-RjUL
005 20211208235603.0
008 140205s19671962nyua b 001 0 eng
035 _a(BD-RjUL)14239
040 _aDLC
_cDLC
_dDLC
_beng
041 _aeng
082 0 0 _a517
_bKRA 1967
100 1 _aKreyszig, Erwin.
_926329
245 1 0 _aAdvanced engineering mathematics /
_cErwin Kreyszig
250 _a2d ed.
260 _aNew York :
_bWiley,
_c1967
300 _axvii, 898 p. :
_billus. ;
_c24 cm.
504 _aIncludes index
650 0 _aMathematical physics.
_944309
650 0 _aEngineering mathematics.
_9288
942 _2ddc
_cBK
999 _c14187
_d14187